000 03204cam a2200481 i 4500
001 ocn992564476
003 OCoLC
005 20260123160744.0
008 180413m2017uuuugw a b 001 0 eng
010 _a 2018383205
020 _a9783836563079
_q(volume 1)
020 _a9783836570374
_q(volume 2)
035 _a(OCoLC)992564476
040 _aDLC
_beng
_erda
_cDLC
_dCPL
_dOCLCF
_dJQW
_dOHX
_dJPG
_dIAO
_dLTSCA
_dS1C
_dVOD
_dNRC
_dYDX
_dOCLCO
_dIGA
_dOCLCQ
_dOKX
_dFWA
_dUBY
_dZCU
_dCUI
_dCSA
_dPUL
_dOCL
_dOCLCQ
_dOCLCO
_dIUL
_dYUS
041 0 _aeng
_ager
_afre
042 _apcc
050 0 0 _aNC998.4
_b.H555 2017
245 0 4 _aThe history of graphic design
_c/ edited by Jens Müller, Julius Wiedemann ; English translation: Isabel Varea-Riley ; German translation: Ursula Wulfekamp ; French translation: Wolf Fruhtrunk.
246 1 4 _aGraphic design
260 _aCologne :
_bTaschen,
_c2017.
300 _avolumes :
_billustrations (chiefly color) ;
_c38 cm
500 _aVol. 1. 1890-1959. Vol. 2. 1960-today.
504 _aIncludes bibliographical references (volume 1, pages 471-473; volume 2, pages 473-475) and indexes.
505 0 0 _gVolume 1, 1890-1959. A visual history — Pre-history of graphic design — 1890-1899 — 1900-1909 — 1910-1919 — 1920-1929 — 1930-1939 — 1940-1949 — 1950-1959.
505 0 0 _gVolume 2, 1960-Today. Graphic design and beyond — 1960-1969 — 1970-1079 — 1980-1989 — 1990-1999 — 2000-2009 — 2010-today.
520 _aVolume 1. In this mighty first volume, Jens Müller traces 70 years of graphic design, designers, and developments from the late 19th century through the economic boom after World War II, spanning designs that would form the basis for further revolutions. Year-by-year spreads are combined with in-depth features on hundreds of landmark projects, profiles of industry leaders, as well as visual timelines of each decade.
520 _aVolume 2. This second volume rounds off the most comprehensive exploration of graphic design to date. Some 3,000 seminal designs from around the globe guide us in a visual map through contemporary history, from the establishment of the International Style to the rise of the groundbreaking digital age. Around 80 key examples go under the microscope in detailed analyses, supported by 118 biographies of the era's most important designs, including Massimo Vignelli, Otl Aicher, Shin Matsunaga, Paula Scher, Neville Brody, and Stefan Sagmeister.
546 _aText in English, German, and French.
648 0 _a1900-1999
_923039
650 0 _aGraphic arts
_xHistory
_y20th century
_926650
650 0 _aCommercial art
_xHistory
_y20th century
_926651
650 0 _aGraphic arts
_xHistory
_vPictorial works
_926652
650 0 _aCommercial art
_xHistory
_vPictorial works
_926653
655 0 _aIllustrated works
_924413
655 0 _aHistory
_922700
655 0 _aPictorial works
_923053
700 _aMüller, Jens
_d1982-
_eeditor
_ewriter of introduction
_ebook designer
_926654
700 _aWiedemann, Julius
_eeditor
_923844
700 _aVarea Riley, Isabel
_etranslator
_926655
700 _aWulfekamp, Ursula
_etranslator
_926656
700 _aFruhtrunk, Wolf
_etranslator
_926657
942 _2lcc
999 _c5299
_d5299